[Event "CRO Team Cup"]
[Site "Mali Losinj"]
[Date "2017.05.13"]
[Round "5.11"]
[White "Brkic, Ante"]
[Black "Saric, Ivan"]
[Result "1-0"]
[WhiteElo "2553"]
[BlackElo "2618"]
[PlyCount "113"]
[EventDate "2017.??.??"]

1. e4 c6 2. d4 d5 3. Nc3 dxe4 4. Nxe4 Bf5 5. Ng3 Bg6 6. Nf3 e6 7. Bd3 Nf6 8.
O-O Bd6 9. b3 O-O 10. Bb2 Nbd7 11. c4 Re8 12. Bxg6 hxg6 13. Qe2 a5 14. Ne5 a4
15. Bc3 Qe7 16. b4 Bxb4 17. Bxb4 Qxb4 18. Rab1 Qd6 19. Rxb7 Red8 20. Rfb1 Rab8
21. Rxb8 Nxb8 22. Qe3 Nbd7 23. h3 c5 24. Qa3 Nxe5 25. dxe5 Qxe5 26. Qxa4 Qf4
27. Qb3 g5 28. Qb6 Rd2 29. Qxc5 Rxa2 30. Rf1 Rb2 31. Qa3 Rb8 32. Rc1 g4 33. h4
Rc8 34. c5 Nd5 35. c6 Nb4 36. Rc3 Nd5 37. Rc1 Kh7 38. Qc5 Rc7 39. Rc4 Qd2 40.
Ne4 Qe1+ 41. Kh2 Kg6 42. Qf8 Ne3 43. h5+ Kh7 44. Ng5+ Kh6 45. fxe3 f5 46. Nf3
gxf3 47. Qh8+ Kg5 48. Qd8+ Kh6 49. Qh8+ Kg5 50. Qd8+ Kh6 51. Qxc7 f2 52. Qf4+
Kh7 53. c7 Qg1+ 54. Kg3 f1=Q 55. Qxf1 Qxf1 56. c8=Q e5 57. Qe6 1-0

[Event "CRO Team Cup"]
[Site "Mali Losinj"]
[Date "2017.05.13"]
[Round "5.12"]
[White "Markus, Robert"]
[Black "Stocko, Josip"]
[Result "1-0"]
[WhiteElo "2673"]
[BlackElo "2331"]
[PlyCount "91"]
[EventDate "2017.??.??"]

1. d4 Nf6 2. Nf3 e6 3. g3 b6 4. Bg2 Bb7 5. c4 Bb4+ 6. Bd2 Bxd2+ 7. Qxd2 O-O 8.
O-O d6 9. Qd3 Nbd7 10. Nc3 e5 11. e4 Qe7 12. Rfe1 a6 13. Rad1 c6 14. Nh4 g6 15.
dxe5 dxe5 16. Qd6 Qxd6 17. Rxd6 Rfd8 18. Red1 Kf8 19. Nf3 Ke7 20. Bh3 b5 21. a3
bxc4 22. Bf1 Ne8 23. R6d2 f6 24. Bxc4 Nb6 25. Rxd8 Rxd8 26. Rxd8 Kxd8 27. Bg8
h6 28. Nh4 g5 29. Nf5 c5 30. Nxh6 Nc7 31. Ng4 Ke7 32. Ne3 Kf8 33. Bb3 Nb5 34.
Nxb5 axb5 35. f3 c4 36. Bc2 Bc8 37. Kf2 Be6 38. Ke1 Nd7 39. Nd1 Nc5 40. Ne3 Nd7
41. Kd2 Ke7 42. Kc3 Nb8 43. a4 Bd7 44. axb5 Bxb5 45. Nxc4 Nc6 46. Ne3 1-0

[Event "CRO Team Cup"]
[Site "Mali Losinj"]
[Date "2017.05.13"]
[Round "5.13"]
[White "Goric, Esad"]
[Black "Kovacevic, Blazimir"]
[Result "0-1"]
[WhiteElo "2279"]
[BlackElo "2479"]
[PlyCount "82"]
[EventDate "2017.??.??"]

1. Nf3 g6 2. d4 Bg7 3. e3 f5 4. Bd3 Nf6 5. Nbd2 O-O 6. e4 fxe4 7. Nxe4 Nxe4 8.
Bxe4 d5 9. Bd3 c5 10. c3 cxd4 11. cxd4 Nc6 12. O-O Bg4 13. Be2 Bxf3 14. Bxf3
Nxd4 15. Bg4 e5 16. Be3 Nf5 17. Qb3 Kh8 18. Qxb7 Nxe3 19. fxe3 Qg5 20. Be6
Qxe3+ 21. Kh1 d4 22. Rfe1 Qf2 23. Bc4 Rab8 24. Qd5 Rbd8 25. Qb5 Rb8 26. Qd5
Qxb2 27. Rad1 Qb7 28. Qa5 Qb4 29. Qxb4 Rxb4 30. Bb3 Rb5 31. g3 Bh6 32. Kg2 a5
33. Re2 Be3 34. Bc4 Rb6 35. Bd3 Re6 36. Be4 Ref6 37. a4 Rf2+ 38. Rxf2 Rxf2+ 39.
Kh3 Bd2 40. Bd3 Bc3 41. g4 Rf3+ 0-1

[Event "CRO Team Cup"]
[Site "Mali Losinj"]
[Date "2017.05.13"]
[Round "5.14"]
[White "Kuljasevic, Davorin"]
[Black "Bubalovic, Davorin"]
[Result "1-0"]
[WhiteElo "2542"]
[BlackElo "2211"]
[PlyCount "128"]
[EventDate "2017.??.??"]

1. d4 Nf6 2. c4 g6 3. Nf3 Bg7 4. g3 c6 5. Bg2 d5 6. Qb3 O-O 7. O-O Na6 8. Nc3
e6 9. Rd1 Qe7 10. Bf4 Nc7 11. c5 Nce8 12. Qc2 Nh5 13. Bd2 f5 14. b4 Nef6 15.
Ne5 Ne4 16. Nxe4 fxe4 17. f3 exf3 18. exf3 Bd7 19. Re1 Bf6 20. Qd3 Rae8 21. Re2
Ng7 22. g4 Rd8 23. Rf1 Kh8 24. f4 Bxe5 25. Rxe5 Qf6 26. Qh3 Ne8 27. Be1 Qg7 28.
Qe3 Nf6 29. h3 Rde8 30. Bg3 Qf7 31. Bf3 Bc8 32. Qd2 Nd7 33. Re3 Nf6 34. Rfe1
Bd7 35. Kg2 Kg7 36. Re5 Kh8 37. Qe2 Kg7 38. a3 Kh8 39. Rh1 Kg7 40. Qe3 Bc8 41.
Qd3 Nd7 42. Re3 Nf6 43. Rhe1 Bd7 44. R1e2 Kh8 45. Kh2 Kg7 46. Qd2 Kh8 47. Qe1
Kg7 48. f5 exf5 49. Re7 fxg4 50. Rxf7+ Kxf7 51. hxg4 Bxg4 52. Bxg4 Nxg4+ 53.
Kh3 Rxe2 54. Qxe2 Nf6 55. Bd6 Re8 56. Qf3 Ke6 57. Be5 Ne4 58. Qg4+ Kf7 59. Qd7+
Re7 60. Qc8 Ng5+ 61. Kg2 h5 62. Qh8 Re6 63. Qg7+ Ke8 64. Qxb7 h4 1-0

[Event "CRO Team Cup"]
[Site "Mali Losinj"]
[Date "2017.05.13"]
[Round "5.21"]
[White "Stevic, Hrvoje"]
[Black "Martinovic, Sasa"]
[Result "1/2-1/2"]
[WhiteElo "2600"]
[BlackElo "2552"]
[PlyCount "36"]
[EventDate "2017.??.??"]

1. e4 c5 2. Nf3 Nc6 3. c3 d5 4. exd5 Qxd5 5. d4 Bf5 6. Be3 cxd4 7. Nxd4 Nf6 8.
Nxf5 Qxf5 9. Bd3 Qd5 10. O-O O-O-O 11. Be2 Qxd1 12. Rxd1 Rxd1+ 13. Bxd1 Nd5 14.
Bc1 e6 15. Bc2 Be7 16. g3 Rd8 17. Nd2 Bg5 18. Nf3 Bxc1 1/2-1/2

[Event "CRO Team Cup"]
[Site "Mali Losinj"]
[Date "2017.05.13"]
[Round "5.22"]
[White "Kurajica, Bojan"]
[Black "Kozul, Zdenko"]
[Result "0-1"]
[WhiteElo "2528"]
[BlackElo "2617"]
[PlyCount "92"]
[EventDate "2017.??.??"]

1. Nf3 Nf6 2. c4 g6 3. b3 Bg7 4. Bb2 O-O 5. g3 d6 6. d4 e5 7. dxe5 dxe5 8. Qxd8
Rxd8 9. Nxe5 Na6 10. Nc3 Nb4 11. Rc1 Bf5 12. Bg2 Nd7 13. g4 Bxe5 14. gxf5 Nxa2
15. Nxa2 Bxb2 16. Rb1 Ba3 17. fxg6 hxg6 18. Bxb7 Rab8 19. Bd5 a5 20. Rg1 Kg7
21. Kf1 Nc5 22. Rg3 Rb6 23. Re3 c6 24. Bf3 Rdb8 25. Kg2 Ne6 26. Be4 Be7 27. Nc3
Bg5 28. Rg3 Rxb3 29. Rxb3 Rxb3 30. Bxc6 Nf4+ 31. Kh1 Bf6 32. Nd5 Rb1+ 33. Rg1
Rxg1+ 34. Kxg1 Nxe2+ 35. Kg2 Nd4 36. Ba4 Ne6 37. Nb6 Bd4 38. Nd7 f5 39. c5 Bxc5
40. Bb3 Nf4+ 41. Kf3 Nd3 42. Bc4 Nb2 43. Bb3 Bd6 44. h3 a4 45. Be6 Nd3 46. Nb6
a3 0-1

[Event "CRO Team Cup"]
[Site "Mali Losinj"]
[Date "2017.05.13"]
[Round "5.23"]
[White "Jankovic, Alojzije"]
[Black "Kovacevic, Vlatko"]
[Result "1-0"]
[WhiteElo "2582"]
[BlackElo "2454"]
[PlyCount "57"]
[EventDate "2017.??.??"]

1. d4 f5 2. Bg5 g6 3. Nc3 Bg7 4. h4 Nc6 5. Nf3 d6 6. e3 h6 7. Bf4 e5 8. dxe5
dxe5 9. Qxd8+ Kxd8 10. O-O-O+ Bd7 11. Bh2 e4 12. Nd4 Nxd4 13. exd4 Ne7 14. f3
exf3 15. gxf3 a6 16. Bc4 b5 17. Bb3 Rf8 18. Be5 Bf6 19. f4 a5 20. a4 b4 21. Ne2
Kc8 22. Ng1 Ra6 23. Nf3 Rd8 24. Rhe1 Bxe5 25. Rxe5 Ng8 26. Bc4 Rd6 27. Rxa5 Bc6
28. Ne5 Be8 29. Bxg8 1-0

[Event "CRO Team Cup"]
[Site "Mali Losinj"]
[Date "2017.05.13"]
[Round "5.24"]
[White "Zelic, Mladen"]
[Black "Zelcic, Robert"]
[Result "0-1"]
[WhiteElo "2303"]
[BlackElo "2500"]
[PlyCount "86"]
[EventDate "2017.??.??"]

1. e4 c6 2. d4 d5 3. exd5 cxd5 4. Bd3 Nc6 5. c3 Qc7 6. Ne2 Bg4 7. O-O e6 8. f3
Bh5 9. Bf4 Bd6 10. Bxd6 Qxd6 11. Ng3 Bg6 12. f4 Bxd3 13. Qxd3 Nf6 14. Nd2 h5
15. Rae1 O-O-O 16. Nf3 h4 17. Ne2 Ne4 18. Ne5 Nxe5 19. fxe5 Qd7 20. c4 Kb8 21.
c5 f5 22. b4 Qa4 23. Rc1 h3 24. g3 g5 25. b5 Rh7 26. Rc2 Rc8 27. Rb1 f4 28. Qb3
Qa5 29. gxf4 gxf4 30. Nxf4 Rg8+ 31. Kh1 Nd2 32. Qb4 Qxb4 33. Rxb4 Nf3 34. Rb1
Rh4 35. Nxh3 Rxh3 36. Rg2 Rgh8 37. Rbb2 Nxd4 38. c6 Nf3 39. Rgf2 d4 40. Kg2
Ne1+ 41. Kf1 Nd3 42. Rf7 Nxb2 43. Rxb7+ Ka8 0-1

[Event "CRO Team Cup"]
[Site "Mali Losinj"]
[Date "2017.05.13"]
[Round "5.24"]
[White "Raguz, Darko"]
[Black "Markovic, Franjo-Josip"]
[Result "1/2-1/2"]
[WhiteElo "2102"]
[BlackElo "1990"]
[PlyCount "33"]
[EventDate "2017.??.??"]

1. e4 e6 2. d4 d5 3. Nd2 c5 4. Ngf3 cxd4 5. exd5 Qxd5 6. Bc4 Qd6 7. O-O Nf6 8.
Nb3 Nc6 9. Nbxd4 Nxd4 10. Nxd4 Bd7 11. Re1 Qc7 12. Qe2 O-O-O 13. Nb5 Bxb5 14.
Bxb5 Bd6 15. h3 Bh2+ 16. Kh1 Bf4 17. Be3 1/2-1/2

[Event "CRO Team Cup"]
[Site "Mali Losinj"]
[Date "2017.05.13"]
[Round "5.31"]
[White "Lalic, Bogdan"]
[Black "Jovanovic, Zoran"]
[Result "1/2-1/2"]
[WhiteElo "2449"]
[BlackElo "2537"]
[PlyCount "21"]
[EventDate "2017.??.??"]

1. d4 Nf6 2. c4 e6 3. Nf3 Bb4+ 4. Bd2 Qe7 5. g3 Nc6 6. Bg2 Bxd2+ 7. Nbxd2 a5 8.
O-O d6 9. e4 e5 10. d5 Nb8 11. Ne1 1/2-1/2

[Event "CRO Team Cup"]
[Site "Mali Losinj"]
[Date "2017.05.13"]
[Round "5.32"]
[White "Pikula, Dejan"]
[Black "Plenkovic, Zdenko"]
[Result "1/2-1/2"]
[WhiteElo "2452"]
[BlackElo "2413"]
[PlyCount "210"]
[EventDate "2017.??.??"]

1. d4 Nf6 2. Nf3 g6 3. Bf4 Bg7 4. e3 O-O 5. h3 d6 6. Be2 c5 7. Nbd2 Nc6 8. c3
cxd4 9. cxd4 e5 10. dxe5 dxe5 11. Bg5 e4 12. Bxf6 Qxf6 13. Nxe4 Qxb2 14. Rb1
Qxa2 15. Nfd2 Qe6 16. Qa4 Qe7 17. h4 Bf5 18. g4 Bxe4 19. Nxe4 Nd4 20. Bd3 Nf3+
21. Kf1 Rad8 22. Bc2 f5 23. gxf5 gxf5 24. Ng5 Nd2+ 25. Ke2 Nxb1 26. Rxb1 b6 27.
Ne6 f4 28. Nxf8 Rxf8 29. Qe4 Qxh4 30. Bb3+ Kh8 31. Rh1 Qg4+ 32. Kf1 Qf5 33.
Qxf5 Rxf5 34. Bc2 Rc5 35. Rxh7+ Kg8 36. Be4 Re5 37. Bd3 fxe3 38. Rh3 exf2 39.
Kxf2 b5 40. Rf3 Rd5 41. Ke2 a5 42. Rf5 Be5 43. Ke3 a4 44. Ke4 Rd4+ 45. Ke3 Bg7
46. Rxb5 Rh4 47. Rb8+ Bf8 48. Ra8 Kg7 49. Kd2 Bb4+ 50. Kc2 Rh2+ 51. Kb1 a3 52.
Bc2 Kf6 53. Rc8 Ke5 54. Rc4 Bd6 55. Ra4 Bc5 56. Rc4 Kd5 57. Ra4 Kc6 58. Rc4 Kb5
59. Rg4 a2+ 60. Kxa2 Rxc2+ 61. Kb3 Rf2 62. Rg3 Rf4 63. Rd3 Ra4 64. Rc3 Rb4+ 65.
Kc2 Kc6 66. Rb3 Rg4 67. Rd3 Bd4 68. Rf3 Kc5 69. Kd3 Kd5 70. Rh3 Rg2 71. Rh5+
Be5 72. Rh3 Rb2 73. Rf3 Ra2 74. Re3 Ra4 75. Rf3 Bf4 76. Rf1 Ra3+ 77. Kc2 Be5
78. Rf8 Rc3+ 79. Kd2 Ke4 80. Rf2 Ra3 81. Re2+ Kd4 82. Kc2 Ra5 83. Kb3 Kd3 84.
Rc2 Rb5+ 85. Ka4 Rb8 86. Rc5 Bc3 87. Rb5 Ra8+ 88. Kb3 Ra1 89. Rd5+ Bd4 90. Rb5
Ra7 91. Kb4 Rc7 92. Rd5 Rc4+ 93. Kb5 Rc1 94. Rd7 Rb1+ 95. Kc6 Rb6+ 96. Kc7 Ra6
97. Rd6 Ra7+ 98. Kc6 Kc4 99. Re6 Rf7 100. Rh6 Re7 101. Rg6 Rh7 102. Re6 Ra7
103. Rd6 Be5 104. Re6 Rc7+ 105. Kb6 Rc5 1/2-1/2

[Event "CRO Team Cup"]
[Site "Mali Losinj"]
[Date "2017.05.13"]
[Round "5.33"]
[White "Loncar, Robert"]
[Black "Djurovic, Goran"]
[Result "1/2-1/2"]
[WhiteElo "2356"]
[BlackElo "2389"]
[PlyCount "36"]
[EventDate "2017.??.??"]

1. e4 c5 2. Nf3 d6 3. d4 cxd4 4. Nxd4 Nf6 5. Nc3 a6 6. Qf3 Qb6 7. Nb3 Qc7 8. h3
e6 9. g4 b5 10. g5 Nfd7 11. a3 Nc6 12. Bg2 Rb8 13. O-O Be7 14. Qg3 b4 15. axb4
Nxb4 16. Nd4 O-O 17. Kh1 e5 18. Nf5 Nc5 1/2-1/2

[Event "CRO Team Cup"]
[Site "Mali Losinj"]
[Date "2017.05.13"]
[Round "5.34"]
[White "Dutina, Dario"]
[Black "Doric, Nenad"]
[Result "1/2-1/2"]
[WhiteElo "2285"]
[BlackElo "2259"]
[PlyCount "33"]
[EventDate "2017.??.??"]

1. e4 e5 2. Nf3 Nf6 3. Nxe5 d6 4. Nf3 Nxe4 5. Nc3 Nxc3 6. dxc3 Be7 7. Be3 O-O
8. Qd2 Nd7 9. O-O-O Ne5 10. Be2 Ng4 11. Nd4 Re8 12. Bxg4 Bxg4 13. f3 Bd7 14.
Kb1 a5 15. c4 a4 16. a3 Bf6 17. g4 1/2-1/2

[Event "CRO Team Cup"]
[Site "Mali Losinj"]
[Date "2017.05.13"]
[Round "5.41"]
[White "Sprenger, Jan Michael"]
[Black "Saric, Ante"]
[Result "1/2-1/2"]
[WhiteElo "2520"]
[BlackElo "2544"]
[PlyCount "60"]
[EventDate "2017.??.??"]

1. e4 e6 2. d4 d5 3. Nd2 c5 4. Ngf3 cxd4 5. Nxd4 Nf6 6. exd5 Nxd5 7. N2f3 Bb4+
8. Bd2 O-O 9. Bxb4 Nxb4 10. c3 N4c6 11. Nb5 a6 12. Nd6 b5 13. Bd3 Ra7 14. Nxc8
Rd7 15. Ke2 Qxc8 16. Qc2 f5 17. Rhd1 e5 18. Qb3+ Kh8 19. Bc2 e4 20. Ng5 Re7 21.
Kf1 h6 22. Nh3 f4 23. Re1 e3 24. fxe3 f3 25. Nf4 Rxf4 26. exf4 Qg4 27. gxf3
Qxf3+ 28. Kg1 Qg4+ 29. Kh1 Qf3+ 30. Kg1 Qg4+ 1/2-1/2

[Event "CRO Team Cup"]
[Site "Mali Losinj"]
[Date "2017.05.13"]
[Round "5.42"]
[White "Saric, Ibro"]
[Black "Rade, Miroslav"]
[Result "1/2-1/2"]
[WhiteElo "2555"]
[BlackElo "2434"]
[PlyCount "112"]
[EventDate "2017.??.??"]

1. Nf3 Nf6 2. g3 g6 3. Bg2 Bg7 4. O-O O-O 5. d4 d5 6. c4 dxc4 7. Na3 c3 8. bxc3
c5 9. Bb2 Nc6 10. Re1 Qb6 11. Nc4 Qa6 12. Ncd2 e5 13. Nxe5 Nxe5 14. dxe5 Ng4
15. Ne4 Nxe5 16. Nxc5 Qb6 17. Ba3 Rd8 18. Qb3 Nc6 19. Rec1 Na5 20. Qa4 Rb8 21.
Rab1 Qc7 22. Qh4 Bf5 23. e4 Nc4 24. Rxb7 Rxb7 25. Nxb7 Rd2 26. exf5 Nxa3 27.
Qa4 Qb6 28. Rf1 Bf8 29. fxg6 hxg6 30. Qb3 Nb5 31. Bd5 Kg7 32. c4 Nc7 33. Qxb6
axb6 34. Rb1 b5 35. Bc6 bxc4 36. Rc1 Rxa2 37. Rxc4 Ne6 38. Bd5 Rb2 39. h4 Rb5
40. Bc6 Rb6 41. Bf3 Rb4 42. Rc8 Be7 43. Kg2 Nd4 44. Rc7 Kf8 45. Bd5 Nb5 46.
Rc8+ Kg7 47. Na5 Nd6 48. Rc7 Bd8 49. Rd7 Bxa5 50. Rxd6 Rd4 51. Rd7 Kh6 52. Kh3
f5 53. f3 Be1 54. Rd8 Rd3 55. Rd7 Rd4 56. Rd8 Rd3 1/2-1/2

[Event "CRO Team Cup"]
[Site "Mali Losinj"]
[Date "2017.05.13"]
[Round "5.43"]
[White "Ljubicic, Filip"]
[Black "Plenca, Julijan"]
[Result "1/2-1/2"]
[WhiteElo "2385"]
[BlackElo "2406"]
[PlyCount "98"]
[EventDate "2017.??.??"]

1. e4 c5 2. c3 d5 3. exd5 Qxd5 4. d4 Nc6 5. Nf3 Bf5 6. Be3 Bxb1 7. Rxb1 cxd4 8.
Nxd4 Nxd4 9. Bxd4 O-O-O 10. Be2 e5 11. Bf3 Qe6 12. Qe2 Bd6 13. Qe4 Rd7 14. Bg4
Nf6 15. Bxe6 Nxe4 16. Bxd7+ Kxd7 17. Be3 Kc6 18. f3 Nf6 19. c4 a5 20. O-O Nd7
21. Rfd1 Nc5 22. Rd5 Re8 23. Rbd1 Re6 24. Kf1 e4 25. Rf5 Nd3 26. c5 Bxh2 27.
Rxf7 Nxb2 28. Rd4 exf3 29. Rxf3 Be5 30. Rd8 Nc4 31. Bf4 Bf6 32. Rc8+ Kd5 33.
Rc7 g5 34. Bxg5 Bxg5 35. Rf5+ Re5 36. Rxe5+ Nxe5 37. Rxh7 Be3 38. Rxb7 Bxc5 39.
Ke2 a4 40. Kd2 Kc4 41. Kc2 Ng4 42. Rg7 Ne3+ 43. Kb1 Bd4 44. Rg8 Kd3 45. Rd8 a3
46. Ra8 Bb2 47. Rb8 Bc3 48. g4 Nd5 49. Rd8 Ke4 1/2-1/2

[Event "CRO Team Cup"]
[Site "Mali Losinj"]
[Date "2017.05.13"]
[Round "5.44"]
[White "Matko, Ognjen"]
[Black "Ivic, Mateo"]
[Result "1-0"]
[WhiteElo "2302"]
[BlackElo "2229"]
[PlyCount "107"]
[EventDate "2017.??.??"]

1. e4 e5 2. Nf3 Nc6 3. d4 exd4 4. Nxd4 Nf6 5. Nxc6 bxc6 6. Bd3 d5 7. Qe2 dxe4
8. Bxe4 Nxe4 9. Qxe4+ Qe7 10. Qxe7+ Bxe7 11. Bf4 Bf5 12. Nd2 O-O-O 13. O-O-O
Rd5 14. Nc4 Rhd8 15. Rde1 Bf6 16. Be5 Bxe5 17. Nxe5 Rc5 18. c3 Be6 19. a3 Kb7
20. f4 Bb3 21. Nf3 a5 22. Re5 Rxe5 23. Nxe5 c5 24. Re1 Re8 25. Kd2 f6 26. Ng4
Rxe1 27. Kxe1 Kc6 28. Ne3 Be6 29. c4 g6 30. Kd2 Kb6 31. Kc3 c6 32. Kd3 Kc7 33.
Ke4 Kd6 34. Kf3 Bf7 35. Ke2 Be6 36. g3 Bf7 37. Kd3 Be6 38. Kc3 Bd7 39. Nc2 Kc7
40. Na1 Bh3 41. Nb3 Kb6 42. Nd2 Bg2 43. Kd3 Kc7 44. Ke2 f5 45. Kf2 Bh3 46. Nf3
h6 47. Ne5 g5 48. Nf7 gxf4 49. gxf4 h5 50. Kg3 Bf1 51. Ne5 Be2 52. Kh4 Kd6 53.
Kg5 Bg4 54. Nxg4 1-0

[Event "CRO Team Cup"]
[Site "Mali Losinj"]
[Date "2017.05.13"]
[Round "5.51"]
[White "Bosiocic, Marin"]
[Black "Rogulj, Branko"]
[Result "1-0"]
[WhiteElo "2603"]
[BlackElo "2410"]
[PlyCount "71"]
[EventDate "2017.??.??"]

1. d4 Nf6 2. c4 c5 3. d5 g6 4. Nc3 Bg7 5. e4 O-O 6. Nf3 d6 7. h3 e6 8. Bd3 exd5
9. exd5 Re8+ 10. Be3 Nh5 11. O-O f5 12. Re1 Nd7 13. Bg5 Rxe1+ 14. Qxe1 Ndf6 15.
Bd2 Bd7 16. Ng5 Bh8 17. Nb5 Ne8 18. Ne6 Qe7 19. g4 fxg4 20. hxg4 Nhf6 21. g5
Nh5 22. Qf1 a6 23. Nc3 Bxe6 24. Re1 Be5 25. f4 Bd4+ 26. Kh2 Neg7 27. dxe6 Nxe6
28. Be4 Nexf4 29. Bxf4 Be5 30. Bd5+ Kg7 31. Bxe5+ dxe5 32. Ne4 Rf8 33. Qh3 Rf5
34. Rf1 Nf4 35. Qh6+ Kh8 36. Nf6 1-0

[Event "CRO Team Cup"]
[Site "Mali Losinj"]
[Date "2017.05.13"]
[Round "5.52"]
[White "Vrsek, Ivan"]
[Black "Tica, Sven"]
[Result "0-1"]
[WhiteElo "2219"]
[BlackElo "2332"]
[PlyCount "51"]
[EventDate "2017.??.??"]

1. d4 Nf6 2. c4 e6 3. Nc3 d5 4. cxd5 Nxd5 5. Nf3 c5 6. e3 Nc6 7. Bd3 Be7 8. Be4
cxd4 9. exd4 Nf6 10. Bc2 O-O 11. O-O b6 12. a3 Ba6 13. Re1 Qd6 14. b4 Rac8 15.
Bb2 Bc4 16. Qd2 Rfd8 17. Rad1 g6 18. b5 Na5 19. Ne5 Bf8 20. Qf4 Qe7 21. Ne4 Nd5
22. Qg3 Bxb5 23. Bb1 Bg7 24. Nxf7 Qxf7 25. Ng5 Qf4 26. Qh3 0-1

[Event "CRO Team Cup"]
[Site "Mali Losinj"]
[Date "2017.05.13"]
[Round "5.53"]
[White "Golubovic, Boris"]
[Black "Podravec, Kresimir"]
[Result "0-1"]
[WhiteElo "2404"]
[BlackElo "2171"]
[PlyCount "88"]
[EventDate "2017.??.??"]

1. c4 c6 2. e4 e6 3. Nc3 d5 4. exd5 exd5 5. cxd5 cxd5 6. d4 Nc6 7. Nf3 Nf6 8.
Bb5 a6 9. Bxc6+ bxc6 10. Ne5 Bb7 11. O-O Be7 12. Bg5 O-O 13. Rc1 Nd7 14. Bxe7
Qxe7 15. Nxd7 Qxd7 16. Na4 Qd6 17. Nc5 Bc8 18. Qd3 g6 19. Rfe1 Bf5 20. Qg3 Qb8
21. Qxb8 Rfxb8 22. b3 Ra7 23. f3 Kf8 24. g4 Bc8 25. Nd3 Rc7 26. Kf2 Rb6 27. Nf4
Rd7 28. Re5 Rd8 29. g5 Bf5 30. Rc5 Re8 31. Rxe8+ Kxe8 32. Ke3 Kd7 33. Ra5 Kd6
34. Ne2 Bc8 35. Nc3 Rb7 36. Rc5 Re7+ 37. Kd2 f6 38. gxf6 Rf7 39. Nxd5 Bb7 40.
Nc3 Ke6 41. Ne4 Rd7 42. Re5+ Kf7 43. Re7+ Rxe7 44. Nd6+ Kxf6 0-1

[Event "CRO Team Cup"]
[Site "Mali Losinj"]
[Date "2017.05.13"]
[Round "5.54"]
[White "Greb, Nikola"]
[Black "Petrov, Jole"]
[Result "0-1"]
[WhiteElo "2049"]
[BlackElo "2390"]
[PlyCount "94"]
[EventDate "2017.??.??"]

1. e4 c6 2. Nc3 d5 3. Nf3 Nf6 4. e5 Ne4 5. d4 Nxc3 6. bxc3 Bg4 7. h3 Bxf3 8.
Qxf3 e6 9. Bd3 Nd7 10. Qg3 Qc7 11. f4 g6 12. O-O c5 13. f5 gxf5 14. Qh4 Be7 15.
Bg5 Qd8 16. Bxe7 Qxe7 17. Qh6 c4 18. Be2 O-O-O 19. Rab1 Rdg8 20. Rb4 Qg5 21.
Qxg5 Rxg5 22. Rfb1 b6 23. Bf3 Kc7 24. a4 Rb8 25. Kf2 f6 26. exf6 Nxf6 27. Ke3
Rgg8 28. Kf4 Nd7 29. Re1 Kd6 30. Rbb1 Nf6 31. Re3 Rbf8 32. a5 Rb8 33. axb6 Rxb6
34. Rxb6+ axb6 35. g4 fxg4 36. hxg4 h6 37. Re1 Rf8 38. Kg3 Nh7 39. Rb1 Ng5 40.
Bg2 Kc6 41. Rf1 Rxf1 42. Bxf1 Ne4+ 43. Kh4 Nf6 44. g5 hxg5+ 45. Kxg5 Ne4+ 46.
Kg6 Kd6 47. Bh3 Nxc3 0-1

[Event "CRO Team Cup"]
[Site "Mali Losinj"]
[Date "2017.05.13"]
[Round "5.61"]
[White "Livaic, Leon"]
[Black "Zovko, Mario"]
[Result "1/2-1/2"]
[WhiteElo "2464"]
[BlackElo "2325"]
[PlyCount "49"]
[EventDate "2017.??.??"]

1. Nf3 d5 2. b3 Bf5 3. Bb2 Nd7 4. e3 e6 5. c4 c6 6. Be2 h6 7. cxd5 cxd5 8. O-O
Ngf6 9. d3 Bd6 10. Nc3 Bb4 11. a3 Be7 12. Re1 O-O 13. Bf1 Bg4 14. h3 Bh5 15.
Rc1 Rc8 16. g4 Bg6 17. Nd4 e5 18. Nf5 Bxf5 19. gxf5 e4 20. Nxd5 Nxd5 21. Rxc8
Qxc8 22. dxe4 N5f6 23. e5 Nxe5 24. Bxe5 Qxf5 25. Bxf6 1/2-1/2

[Event "CRO Team Cup"]
[Site "Mali Losinj"]
[Date "2017.05.13"]
[Round "5.62"]
[White "Mrdja, Milan"]
[Black "Vujakovic, Branko"]
[Result "1/2-1/2"]
[WhiteElo "2299"]
[BlackElo "2349"]
[PlyCount "38"]
[EventDate "2017.??.??"]

1. e4 d6 2. d4 Nf6 3. Bd3 e5 4. c3 Nbd7 5. Nf3 d5 6. dxe5 dxe4 7. exf6 exf3 8.
O-O Ne5 9. Bb5+ c6 10. Bg5 Qxd1 11. Rxd1 Be6 12. Bf1 fxg2 13. Bxg2 h6 14. fxg7
Bxg7 15. Bh4 Ng6 16. Bg3 h5 17. h3 h4 18. Bh2 O-O 19. Nd2 Rad8 1/2-1/2

[Event "CRO Team Cup"]
[Site "Mali Losinj"]
[Date "2017.05.13"]
[Round "5.63"]
[White "Blazeka, Matej"]
[Black "Rosandic, Denis"]
[Result "1/2-1/2"]
[WhiteElo "2333"]
[BlackElo "2242"]
[PlyCount "35"]
[EventDate "2017.??.??"]

1. e4 Nf6 2. Nc3 d5 3. exd5 Nxd5 4. Bc4 Nb6 5. Bb3 Nc6 6. Nf3 Bf5 7. a4 a5 8.
O-O e6 9. d4 Be7 10. Re1 O-O 11. Ne4 Nd5 12. c3 h6 13. Qe2 Re8 14. Bc4 Nb8 15.
Bd2 Nd7 16. Rad1 N7f6 17. Bd3 Bxe4 18. Bxe4 1/2-1/2

[Event "CRO Team Cup"]
[Site "Mali Losinj"]
[Date "2017.05.13"]
[Round "5.71"]
[White "Vidovic, Mario"]
[Black "Sedlak, Nikola"]
[Result "0-1"]
[WhiteElo "2242"]
[BlackElo "2523"]
[PlyCount "74"]
[EventDate "2017.??.??"]

1. e4 c5 2. Nf3 d6 3. Bb5+ Nc6 4. O-O Bd7 5. Re1 Nf6 6. c3 a6 7. Bf1 Bg4 8. d4
cxd4 9. cxd4 e5 10. d5 Nd4 11. Be3 Nxf3+ 12. gxf3 Bd7 13. a4 Be7 14. Na3 O-O
15. Nc4 Nh5 16. Nb6 Rb8 17. Nxd7 Qxd7 18. f4 Nxf4 19. Bxf4 exf4 20. Qf3 Bf6 21.
Bh3 Qd8 22. Rab1 b5 23. axb5 Rxb5 24. Bf1 Rxb2 25. Rxb2 Bxb2 26. Rb1 Qg5+ 27.
Kh1 Bd4 28. Bxa6 Qh4 29. Kg2 h5 30. Rf1 Rb8 31. Be2 g6 32. Qh3 Qxh3+ 33. Kxh3
Rb2 34. Bc4 Bxf2 35. e5 g5 36. exd6 g4+ 37. Kg2 Bc5+ 0-1

[Event "CRO Team Cup"]
[Site "Mali Losinj"]
[Date "2017.05.13"]
[Round "5.72"]
[White "Krstic, Uros"]
[Black "Vidovic, Sasa"]
[Result "1/2-1/2"]
[WhiteElo "2383"]
[BlackElo "2299"]
[PlyCount "33"]
[EventDate "2017.??.??"]

1. e4 d6 2. d4 Nf6 3. Nc3 c6 4. Nf3 Bg4 5. h3 Bh5 6. g4 Bg6 7. Qe2 e6 8. g5
Nfd7 9. Nh4 Be7 10. f4 d5 11. Bg2 dxe4 12. Nxg6 hxg6 13. Nxe4 Nb6 14. c3 N8d7
15. Bd2 Qc7 16. O-O-O Nd5 17. Qf2 1/2-1/2

[Event "CRO Team Cup"]
[Site "Mali Losinj"]
[Date "2017.05.13"]
[Round "5.73"]
[White "Kovac, Hrvoje"]
[Black "Trbojevic, Mladen"]
[Result "0-1"]
[WhiteElo "1959"]
[BlackElo "2346"]
[PlyCount "148"]
[EventDate "2017.??.??"]

1. e4 Nc6 2. d4 d6 3. Nf3 Nf6 4. Nc3 g6 5. Bg5 Bg7 6. h3 O-O 7. Qd2 d5 8. Bxf6
exf6 9. exd5 Re8+ 10. Be2 Nb4 11. O-O Nxd5 12. Nxd5 Qxd5 13. c4 Qd6 14. Rad1
Bd7 15. Rfe1 f5 16. Bf1 Re4 17. b3 b6 18. d5 a5 19. Bd3 Rxe1+ 20. Qxe1 h6 21.
Bc2 Bf6 22. Qd2 Kg7 23. a4 Rd8 24. Nd4 Qc5 25. Qf4 Re8 26. Kf1 Kg8 27. Qd2 Kg7
28. Nf3 Qa3 29. h4 Qb2 30. Qd3 Qc3 31. g3 Qb4 32. Kg2 Qd6 33. Qd2 f4 34. Qxf4
Qxf4 35. gxf4 Re2 36. Bd3 Rb2 37. Rb1 Ra2 38. Kg3 Be7 39. Re1 Bc5 40. Re2 Ra3
41. Bc2 h5 42. Nd2 Ra2 43. Ne4 Bf5 44. f3 Bb4 45. Bd3 Ra1 46. Nf2 Bd7 47. Ne4
Rh1 48. Nf2 Rg1+ 49. Kh2 Rc1 50. Bc2 Bd6 51. Nd3 Ra1 52. Ne5 Bc8 53. Kg3 Ra2
54. Bd3 Rxe2 55. Bxe2 f6 56. Nc6 g5 57. hxg5 fxg5 58. Bd3 Bxf4+ 59. Kg2 Bd6 60.
Nd4 Kf6 61. Be4 Ke5 62. Ne6 Bxe6 63. dxe6 Kxe6 64. Bg6 h4 65. Kh3 Ke5 66. Kg4
Kd4 67. f4 Bxf4 68. Bc2 Kc3 69. Bd1 Kd2 70. Bf3 Kc2 71. c5 Kxb3 72. cxb6 c5 73.
Bd1+ Kb4 74. b7 c4 0-1

[Event "CRO Team Cup"]
[Site "Mali Losinj"]
[Date "2017.05.13"]
[Round "5.74"]
[White "Vucic, Mihovil"]
[Black "Strukelj, Zlatko"]
[Result "1-0"]
[WhiteElo "2167"]
[BlackElo "1755"]
[PlyCount "91"]
[EventDate "2017.??.??"]

1. e4 d6 2. d4 g6 3. Nc3 Bg7 4. Nf3 Nf6 5. Bd3 O-O 6. O-O Bg4 7. h3 Bd7 8. Be3
Nc6 9. Qd2 Nb4 10. Bc4 a5 11. Ng5 e5 12. dxe5 dxe5 13. Bc5 Be6 14. Qxd8 Rfxd8
15. Nxe6 fxe6 16. Bxe6+ Kh8 17. Bb3 b6 18. Be7 Rd2 19. Rad1 Rd4 20. Nb5 Rxd1
21. Rxd1 c6 22. Nc7 Rc8 23. a3 Nbd5 24. Nxd5 cxd5 25. exd5 Nd7 26. d6 Ra8 27.
Rd5 a4 28. Ba2 e4 29. c3 Bh6 30. Rb5 e3 31. Kf1 Ra7 32. Be6 Nc5 33. Rxc5 bxc5
34. d7 Ra8 35. d8=Q+ Rxd8 36. Bxd8 Kg7 37. Bd7 exf2 38. Kxf2 Bc1 39. Bxa4 Bxb2
40. c4 Bxa3 41. Kf3 Kf7 42. Bd7 Bb2 43. Ke4 Bd4 44. Kd5 h5 45. Bb6 Ke7 46. Bc8
1-0